000 00729cab a2200217 4500
001 ABS49891
008 090401t1993 xxu||||| |||| 00| 0 eng d
035 _a(Sirsi) u73222
041 _aeng
100 _aMinton, A.
245 _aFlying the flag for UDCs
260 _c1993
350 _a0
490 _aPlanning Week
_v1(13) 2 December 1993, 14-15(2)
520 _aDespite hostility to property-led urban regeneration as practices in the 1980s, Tyne & Wear UDC has been successful in relations with the local authority and in job creation. Cites some of its achievements.
650 _aTYNE AND WEAR UDC
650 _aURBAN DEVELOPMENT CORPORATIONS
690 _aURBAN RENEWAL
942 _n0
948 _c04/03/1997
999 _c46306
_d46306